Football: Ils n'ont jamais battu l'équipe de France - Statistiques

Statistiques générales
  • Ce quiz a été pris 79 fois
  • Le résultat moyen est 23 sur 36
Statistiques - réponses
Adversaires J G N P BP BC Dif % Correct
Algérie 1 1 0 0 4 1 +3
86%
Maroc 6 4 2 0 14 6 +8
86%
Canada 2 1 1 0 1 0 +1
78%
Etats-Unis 4 3 1 0 11 1 +10
75%
Gibraltar 2 2 0 0 17 0 +17
75%
Andorre 5 5 0 0 14 0 +14
74%
Estonie 1 1 0 0 4 0 +4
74%
Islande 15 11 4 0 42 12 +30
74%
Lituanie 4 4 0 0 5 0 +5
71%
Lettonie 1 1 0 0 7 0 +7
70%
Nouvelle-Zélande 1 1 0 0 5 0 +5
70%
Egypte 1 1 0 0 5 0 +5
68%
Corée du Sud 3 2 1 0 9 3 +6
67%
Côte d’Ivoire 3 2 1 0 5 1 +4
67%
Chypre 8 7 1 0 27 2 +25
64%
Paraguay 5 3 2 0 14 4 +10
64%
Iran 1 1 0 0 2 1 +1
62%
Kazakhstan 2 2 0 0 10 0 +10
62%
Azerbaïdjan 2 2 0 0 12 0 +12
61%
Cameroun 3 2 1 0 5 3 +2
61%
Honduras 1 1 0 0 3 0 +3
61%
Arabie Saoudite 1 1 0 0 4 0 +4
59%
Malte 2 2 0 0 10 0 +10
59%
Slovénie 3 3 0 0 10 2 +8
59%
Moldavie 2 2 0 0 6 2 +4
58%
Irlande du Nord 9 6 3 0 22 4 +18
57%
Arménie 5 5 0 0 14 2 +12
55%
Bolivie 1 1 0 0 1 0 +1
55%
Bosnie-Herzégovine 6 3 3 0 8 4 +4
55%
Jamaïque 1 1 0 0 8 0 +8
55%
Costa Rica 2 2 0 0 5 3 +2
52%
Equateur 2 1 1 0 2 0 +2
52%
Iles Féroé 6 6 0 0 22 0 +22
48%
Géorgie 4 3 1 0 7 1 +6
46%
Togo 1 1 0 0 2 0 +2
45%
Koweït 2 2 0 0 5 1 +4
41%
Aucun quiz correspondant
Distribution des résultats
% des personnes avec chaque résultat
Percentile par nombre de réponses
Votre historique - résultats
Vous n’avez pas pris ce quiz